[Event "Vaujany op 9th"]
[Site "Vaujany"]
[Date "2018.07.12"]
[Round "1"]
[White "Godart, Francois"]
[Black "Chauvet, Vincent"]
[Result "1-0"]
[WhiteElo "2427"]
[BlackElo "2105"]
[PlyCount "39"]
[EventDate "2018.07.12"]
[EventType "swiss"]
[EventRounds "9"]
[EventCountry "FRA"]
[SourceTitle "EXT 2019"]
[Source "ChessBase"]
[SourceDate "2018.10.10"]
[SourceVersion "1"]
[SourceVersionDate "2018.10.10"]
[SourceQuality "1"]

1. d4 d5 2. Nf3 Nf6 3. c4 e6 4. g3 dxc4 5. Bg2 a6 6. 0-0 Nc6 7. e3 Bd7 8. Qe2 Bd6 9. Qxc4 0-0 10. Nbd2 Rb8 11. b3 e5 12. Bb2 exd4 13. Nxd4 Ne5 14. Qc2 Qc8 15. f4 Neg4 16. Rae1 c5 17. N4f3 Rd8 18. h3 Nh6 19. g4 Nd5 20. Ng5 1-0

[Event "FRA-ch op"]
[Site "Nimes"]
[Date "2014.08.25"]
[Round "7"]
[White "Chauvet, Vincent"]
[Black "Quillien, Emmanuel"]
[Result "0-1"]
[WhiteElo "2091"]
[BlackElo "2159"]
[PlyCount "96"]
[EventDate "2014.08.17"]
[EventType "swiss"]
[EventRounds "11"]
[EventCountry "FRA"]
[SourceTitle "EXT 2015"]
[Source "ChessBase"]
[SourceDate "2014.11.20"]
[SourceVersion "1"]
[SourceVersionDate "2014.11.20"]
[SourceQuality "1"]

1. d4 c6 2. c4 d5 3. Nf3 Nf6 4. Nc3 dxc4 5. a4 Bf5 6. e3 e6 7. Bxc4 Bb4 8. 0-0 Nbd7 9. Qe2 Bg6 10. Rd1 0-0 11. h3 Qe7 12. Nh4 Bh5 13. g4 Nd5 14. Ng2 Bg6 15. Bd2 N5b6 16. Bb3 a5 17. f4 f6 18. e4 Bf7 19. Kh1 e5 20. Bxf7+ Qxf7 21. dxe5 fxe5 22. f5 Qc4 23. Qf3 Nc5 24. Ne3 Qf7 25. g5 Nc4 26. Rab1 Rad8 27. Be1 Nxe3 28. Qxe3 Qc4 29. Bh4 Rd4 30. g6 Bxc3 31. gxh7+ Kh8 32. f6 Rxd1+ 33. Rxd1 gxf6 34. bxc3 Qxe4+ 35. Qxe4 Nxe4 36. Rd7 Rb8 37. Kg2 b5 38. axb5 cxb5 39. Kf3 Ng5+ 40. Bxg5 fxg5 41. Ra7 b4 42. cxb4 axb4 43. Ra2 b3 44. Rb2 Rb4 45. Ke3 Kxh7 46. Kd2 Kg6 47. Kc3 Rb8 48. Rf2 b2 0-1

[Event "FRA-ch U20"]
[Site "Montbeliard"]
[Date "2014.04.26"]
[Round "8"]
[White "Chauvet, Vincent"]
[Black "Sochacki, Christophe"]
[Result "1/2-1/2"]
[WhiteElo "2119"]
[BlackElo "2442"]
[PlyCount "96"]
[EventDate "2014.04.20"]
[EventType "swiss"]
[EventRounds "9"]
[EventCountry "FRA"]
[SourceTitle "CBM 160 Extra"]
[Source "ChessBase"]
[SourceDate "2014.07.01"]
[SourceVersion "1"]
[SourceVersionDate "2014.07.01"]
[SourceQuality "1"]

1. d4 Nf6 2. c4 c5 3. d5 b5 4. Nf3 Bb7 5. Nbd2 bxc4 6. e4 e6 7. Bxc4 exd5 8. exd5 Be7 9. Nf1 d6 10. Ne3 0-0 11. 0-0 Nbd7 12. b3 Ne4 13. Bb2 Bf6 14. Bxf6 Nexf6 15. Re1 Nb6 16. Qd3 g6 17. h3 Re8 18. Nh2 h5 19. Nf3 Re4 20. Rad1 Qe7 21. Qb1 Qf8 22. Ng5 Re7 23. Nf3 Rae8 24. a4 Nxc4 25. bxc4 Ne4 26. Qc1 Qg7 27. Rd3 Ba6 28. Nf1 f5 29. Rde3 f4 30. R3e2 Qf6 31. Qc2 Ng5 32. Nxg5 Rxe2 33. Rxe2 Rxe2 34. Qxe2 Qxg5 35. Qe8+ Kg7 36. Qd7+ Kh6 37. Nd2 f3 38. Nxf3 Qc1+ 39. Kh2 Qf4+ 40. Kg1 Qc1+ 41. Kh2 Qf4+ 42. Kg1 Bxc4 43. h4 Bxd5 44. Ng5 Qc1+ 45. Kh2 Qf4+ 46. Kg1 Qc1+ 47. Kh2 Qf4+ 48. Kg1 Qc1+ 1/2-1/2

[Event "Marseille op 6th"]
[Site "Marseille"]
[Date "2013.12.28"]
[Round "6"]
[White "Nikolov, Momchil"]
[Black "Chauvet, Vincent"]
[Result "1-0"]
[WhiteElo "2529"]
[BlackElo "2132"]
[PlyCount "75"]
[EventDate "2013.12.26"]
[EventType "swiss"]
[EventRounds "9"]
[EventCountry "FRA"]
[SourceTitle "CBM 158 Extra"]
[Source "ChessBase"]
[SourceDate "2014.02.28"]
[SourceVersion "1"]
[SourceVersionDate "2014.02.28"]
[SourceQuality "1"]

1. d4 d5 2. Nf3 Nf6 3. c4 e6 4. Nc3 c6 5. Bg5 h6 6. Bxf6 Qxf6 7. e3 g6 8. Be2 Bg7 9. e4 dxe4 10. Nxe4 Qe7 11. c5 0-0 12. 0-0 Nd7 13. Bc4 Nf6 14. Re1 Nxe4 15. Rxe4 b6 16. cxb6 axb6 17. Qb3 Qc7 18. Rc1 Bb7 19. Ree1 Qd8 20. Rcd1 Ra5 21. Ne5 Kh7 22. Qg3 Ra4 23. Qe3 Qc7 24. Bb3 Ra5 25. Qg3 Qd8 26. h4 h5 27. Bc2 Kg8 28. Bb3 Kh7 29. Rd3 Qe7 30. Rf3 Qb4 31. Rd1 Bxe5 32. dxe5 Qe7 33. Rf6 Kg7 34. Bxe6 Rxe5 35. Rxg6+ fxg6 36. Qxe5+ Qf6 37. Rd7+ Kh8 38. Qe3 1-0

[Event "Provence-ch 1213"]
[Site "Provence"]
[Date "2013.07.09"]
[Round "6"]
[White "Chauvet, Vincent"]
[Black "Dudognon, Thibault"]
[Result "1-0"]
[WhiteElo "2134"]
[BlackElo "1984"]
[PlyCount "145"]
[EventDate "2013.07.06"]
[EventType "swiss"]
[EventRounds "9"]
[EventCountry "FRA"]
[SourceTitle "EXT 2015"]
[Source "ChessBase"]
[SourceDate "2014.11.20"]
[SourceVersion "1"]
[SourceVersionDate "2014.11.20"]
[SourceQuality "1"]

1. d4 Nf6 2. c4 e6 3. Nc3 Bb4 4. Qc2 d5 5. a3 Bxc3+ 6. Qxc3 Ne4 7. Qc2 c5 8. dxc5 Nc6 9. Nf3 Qa5+ 10. Bd2 Qxc5 11. e3 Nxd2 12. Nxd2 d4 13. b4 Qe7 14. e4 e5 15. c5 Be6 16. Bb5 0-0 17. 0-0 Rfd8 18. Qd3 Qc7 19. Rab1 a6 20. Bc4 Bd7 21. Qg3 Be8 22. Nf3 Kh8 23. Rb3 f6 24. Nh4 Bf7 25. Bxf7 Qxf7 26. Nf5 g6 27. Nd6 Qe7 28. f4 Rf8 29. f5 g5 30. Qd3 Rad8 31. Qc4 Rxd6 32. cxd6 Qxd6 33. Rd3 Rc8 34. Qf7 Qe7 35. Qb3 b5 36. Rc1 Kg7 37. Rc5 Na5 38. Qc2 Rxc5 39. Qxc5 Qxc5 40. bxc5 h5 41. Kf2 Kh6 42. Rd1 Nc6 43. Rb1 Kg7 44. Ke2 Kf7 45. a4 b4 46. a5 Kf8 47. Kd3 Ke7 48. Kc4 Kd7 49. Rd1 h4 50. h3 b3 51. Kxb3 Nxa5+ 52. Kb4 Nb7 53. Ra1 a5+ 54. Kb5 Kc7 55. Ra3 Kc8 56. Kb6 Kb8 57. g3 Kc8 58. gxh4 gxh4 59. Ra1 Nd8 60. c6 Nf7 61. Rxa5 Kd8 62. Rd5+ Kc8 63. c7 d3 64. Rxd3 Nd6 65. Rd1 Nc4+ 66. Kc6 Na5+ 67. Kd6 Nb7+ 68. Ke7 Nc5 69. Kxf6 Nxe4+ 70. Kxe5 Nf2 71. Rd4 Nxh3 72. Kd6 Ng5 73. Rxh4 1-0

[Event "Provence-ch 1213"]
[Site "Provence"]
[Date "2013.07.07"]
[Round "2"]
[White "Chauvet, Vincent"]
[Black "Charvein, Gabriel"]
[Result "1-0"]
[WhiteElo "2134"]
[BlackElo "1870"]
[PlyCount "87"]
[EventDate "2013.07.06"]
[EventType "swiss"]
[EventRounds "9"]
[EventCountry "FRA"]
[SourceTitle "EXT 2015"]
[Source "ChessBase"]
[SourceDate "2014.11.20"]
[SourceVersion "1"]
[SourceVersionDate "2014.11.20"]
[SourceQuality "1"]

1. d4 Nf6 2. c4 g6 3. Nc3 Bg7 4. e4 0-0 5. Nge2 d6 6. Ng3 Na6 7. Be2 Bd7 8. 0-0 c5 9. d5 Nc7 10. a4 b6 11. Bf4 Nfe8 12. Qd2 a6 13. Bh6 Rb8 14. Bxg7 Kxg7 15. b3 b5 16. axb5 axb5 17. Nd1 Nf6 18. f4 bxc4 19. bxc4 Rb3 20. e5 Ng4 21. e6 fxe6 22. Bxg4 exd5 23. Bxd7 Qxd7 24. cxd5 Qb5 25. Nc3 Qb4 26. Nge2 Rf5 27. Ra4 Qb7 28. g4 Rb2 29. Qe3 Nxd5 30. Nxd5 Rxd5 31. Re4 Kf8 32. f5 gxf5 33. gxf5 Rdd2 34. f6 e5 35. Qh6+ Kf7 36. Qxh7+ Ke6 37. Nf4+ Kxf6 38. Nd5+ Ke6 39. Nf4+ Kf6 40. Nd3+ Ke6 41. Qg6+ Kd5 42. Nxb2 Qxb2 43. Rh4 Qc3 44. Qe4+ 1-0

[Event "Provence-ch 1213"]
[Site "Provence"]
[Date "2013.07.07"]
[Round "3"]
[White "Kolb, Sebastien"]
[Black "Chauvet, Vincent"]
[Result "0-1"]
[WhiteElo "2049"]
[BlackElo "2134"]
[PlyCount "92"]
[EventDate "2013.07.06"]
[EventType "swiss"]
[EventRounds "9"]
[EventCountry "FRA"]
[SourceTitle "EXT 2015"]
[Source "ChessBase"]
[SourceDate "2014.11.20"]
[SourceVersion "1"]
[SourceVersionDate "2014.11.20"]
[SourceQuality "1"]

1. e4 e5 2. Nf3 Nc6 3. d4 exd4 4. Nxd4 Bb4+ 5. c3 Bc5 6. Be3 Bb6 7. Na3 Nf6 8. f3 0-0 9. Nc4 d5 10. Nxb6 axb6 11. Nxc6 bxc6 12. e5 Qe7 13. f4 Ng4 14. Bg1 f6 15. Be2 fxe5 16. Bxg4 Bxg4 17. Qxg4 Rxf4 18. Qg3 Re4+ 19. Kd2 h5 20. h3 h4 21. Qg6 Rf8 22. Be3 Rf6 23. Bg5 Rf2+ 24. Kd1 Qf8 25. Qxc6 Qf7 26. Bd2 Ree2 27. Be1 Rxg2 28. Qa8+ Kh7 29. Qa4 Qh5 30. Qg4 Rxg4 31. hxg4 Rxe1+ 32. Kxe1 Qxg4 33. Kd2 Qg2+ 34. Kd3 g5 35. Rag1 Qf3+ 36. Kc2 Kg6 37. Kb3 Qe4 38. Re1 Qc4+ 39. Kc2 e4 40. Rhf1 Qxa2 41. Rf8 Qa4+ 42. Kb1 Qc6 43. Ref1 Qe6 44. Rh8 e3 45. Kc2 Qe4+ 46. Kb3 Qc4+ 0-1

[Event "Marseille op 5th"]
[Site "Marseille"]
[Date "2012.12.26"]
[Round "2"]
[White "Degraeve, Jean Marc"]
[Black "Chauvet, Vincent"]
[Result "1-0"]
[WhiteElo "2584"]
[BlackElo "2146"]
[PlyCount "47"]
[EventDate "2012.12.26"]
[EventType "swiss"]
[EventRounds "9"]
[EventCountry "FRA"]
[SourceTitle "EXT 2014"]
[Source "ChessBase"]
[SourceDate "2013.11.20"]
[SourceVersion "1"]
[SourceVersionDate "2013.11.20"]
[SourceQuality "1"]

1. e4 e5 2. Nf3 Nc6 3. Bc4 Nf6 4. d3 Be7 5. 0-0 0-0 6. a4 d6 7. a5 Bg4 8. h3 Be6 9. a6 b6 10. Nbd2 Kh8 11. Re1 Qc8 12. c3 Ng8 13. Nf1 f5 14. exf5 Bxf5 15. Ng3 Nf6 16. Bg5 Rb8 17. d4 b5 18. Bb3 Bd7 19. dxe5 dxe5 20. Bc2 Bd6 21. Nh4 Ne7 22. Qd3 e4 23. Nxe4 Nxe4 24. Bxe7 1-0

[Event "Vaujany op 3rd"]
[Site "Vaujany"]
[Date "2012.07.20"]
[Round "9"]
[White "Chauvet, Vincent"]
[Black "Petrone, Gianmario"]
[Result "1/2-1/2"]
[WhiteElo "2118"]
[BlackElo "1930"]
[PlyCount "159"]
[EventDate "2012.07.12"]
[EventType "swiss"]
[EventRounds "9"]
[EventCountry "FRA"]
[SourceTitle "CBM 149 Extra"]
[Source "ChessBase"]
[SourceDate "2012.08.24"]
[SourceVersion "1"]
[SourceVersionDate "2012.08.24"]
[SourceQuality "1"]

1. d4 Nf6 2. c4 g6 3. Nc3 Bg7 4. e4 d6 5. f3 0-0 6. Bg5 c5 7. d5 e6 8. Qd2 exd5 9. cxd5 a6 10. a4 Nbd7 11. Nh3 Qc7 12. Bd3 Rb8 13. Nf2 c4 14. Bc2 b5 15. axb5 axb5 16. 0-0 Nc5 17. Ne2 Bd7 18. Bh6 Bxh6 19. Qxh6 Ra8 20. Rae1 Ra2 21. Qc1 Qb6 22. Bb1 Ra7 23. Qc3 Ne8 24. Kh1 Na4 25. Qc1 Qc5 26. Ng3 Qb4 27. Nd1 Nc5 28. Bc2 Ng7 29. f4 Nd3 30. Bxd3 cxd3 31. Qe3 Ra2 32. Qxd3 Bg4 33. Qc3 Qxc3 34. bxc3 Bxd1 35. Rxd1 Rc8 36. Rc1 Ra3 37. Ne2 Re8 38. Nd4 Rxe4 39. Nxb5 Ra2 40. Nxd6 Ree2 41. Rg1 Nh5 42. Rcf1 Rec2 43. Ne4 Ra4 44. d6 f5 45. d7 Ra8 46. Ng5 Rd8 47. Rd1 Nf6 48. Rd6 Ne4 49. Nxe4 fxe4 50. Re1 Rxc3 51. Kg1 Rc7 52. Rxe4 Rcxd7 53. Rxd7 Rxd7 54. Kf2 Kf7 55. g4 Rd3 56. Re3 Rd2+ 57. Kg3 Rd1 58. Ra3 Rd7 59. g5 Kg7 60. Kg4 h6 61. h4 hxg5 62. hxg5 Rb7 63. Kf3 Re7 64. Ra5 Kf7 65. Ra6 Kg7 66. Rf6 Re8 67. Ra6 Re7 68. Ra4 Kf7 69. Rb4 Kg7 70. Re4 Ra7 71. Ke3 Kf7 72. Rb4 Ke8 73. Kf3 Kf7 74. Kg4 Re7 75. f5 gxf5+ 76. Kxf5 Ra7 77. Rb5 Ra6 78. Rb7+ Kg8 79. g6 Ra1 80. Kf6 1/2-1/2

[Event "Vaujany op 3rd"]
[Site "Vaujany"]
[Date "2012.07.12"]
[Round "1"]
[White "Chauvet, Vincent"]
[Black "Gozzoli, Yannick"]
[Result "0-1"]
[WhiteElo "2118"]
[BlackElo "2547"]
[PlyCount "50"]
[EventDate "2012.07.12"]
[EventType "swiss"]
[EventRounds "9"]
[EventCountry "FRA"]
[SourceTitle "CBM 149 Extra"]
[Source "ChessBase"]
[SourceDate "2012.08.24"]
[SourceVersion "1"]
[SourceVersionDate "2012.08.24"]
[SourceQuality "1"]

1. d4 Nf6 2. c4 e6 3. Nc3 Bb4 4. Qc2 0-0 5. a3 Bxc3+ 6. Qxc3 b5 7. cxb5 c6 8. Bg5 cxb5 9. e3 Bb7 10. Nf3 h6 11. Bh4 a6 12. Be2 d6 13. Qb4 Nc6 14. Bxf6 Nxb4 15. Bxd8 Nc2+ 16. Kd2 Nxa1 17. Be7 Nb3+ 18. Ke1 Rfc8 19. Bd1 Rc1 20. Bxd6 Bxf3 21. gxf3 Rac8 22. Ke2 Rb1 23. Kd3 Nc1+ 24. Ke4 Rc6 25. Be5 f5+ 0-1

[Event "Vitrolles 1112"]
[Site "Vitrolles"]
[Date "2011.11.26"]
[Round "3"]
[White "Chauvet, Vincent"]
[Black "Battaglia, Gerard"]
[Result "1-0"]
[WhiteElo "2078"]
[BlackElo "1843"]
[PlyCount "81"]
[EventDate "2011.10.08"]
[EventType "tourn"]
[EventRounds "9"]
[EventCountry "FRA"]
[SourceTitle "EXT 2014"]
[Source "ChessBase"]
[SourceDate "2013.11.20"]
[SourceVersion "1"]
[SourceVersionDate "2013.11.20"]
[SourceQuality "1"]

1. d4 Nf6 2. c4 c5 3. d5 b5 4. Nf3 g6 5. cxb5 e6 6. Nc3 Bb7 7. e4 Bg7 8. Bc4 exd5 9. exd5 Qe7+ 10. Qe2 Qxe2+ 11. Kxe2 0-0 12. Bf4 a6 13. b6 Re8+ 14. Kd3 Ng4 15. Rhf1 d6 16. h3 Ne5+ 17. Bxe5 dxe5 18. Ng5 Nd7 19. Nge4 Nxb6 20. Nxc5 Bxd5 21. Bxd5 Red8 22. Rad1 Nxd5 23. Nxd5 Rxd5+ 24. Kc4 Rxd1 25. Rxd1 Rc8 26. b4 Bf8 27. Rd5 f6 28. Rd7 a5 29. a3 axb4 30. axb4 f5 31. Rd5 e4 32. g4 fxg4 33. hxg4 Re8 34. b5 e3 35. fxe3 Rxe3 36. b6 Re8 37. b7 Rb8 38. Rd7 Bxc5 39. Kxc5 h5 40. gxh5 gxh5 41. Rc7 1-0

[Event "Creon op 16th"]
[Site "Creon"]
[Date "2011.08.04"]
[Round "5"]
[White "Chauvet, Vincent"]
[Black "Daurelle, Herve"]
[Result "0-1"]
[WhiteElo "2032"]
[BlackElo "2261"]
[PlyCount "82"]
[EventDate "2011.08.01"]
[EventType "swiss"]
[EventRounds "9"]
[EventCountry "FRA"]
[SourceTitle "CBM 143 Extra"]
[Source "ChessBase"]
[SourceDate "2011.08.29"]
[SourceVersion "1"]
[SourceVersionDate "2011.08.29"]
[SourceQuality "1"]

1. d4 Nf6 2. c4 e6 3. Nf3 c5 4. d5 exd5 5. cxd5 d6 6. Nc3 g6 7. g3 Bg7 8. Bg2 0-0 9. 0-0 a6 10. a4 Re8 11. Nd2 Nbd7 12. h3 Rb8 13. Nc4 Ne5 14. Na3 Nh5 15. e4 Bd7 16. Ne2 b5 17. f4 b4 18. Nc2 Nc4 19. g4 Nf6 20. Ng3 b3 21. Ne1 Rb4 22. g5 Nh5 23. Nxh5 gxh5 24. Nd3 Rxa4 25. Rxa4 Bxa4 26. Qxh5 Bb5 27. e5 Nd2 28. Rd1 Bxd3 29. Rxd2 Bf5 30. e6 Re7 31. Re2 fxe6 32. dxe6 d5 33. Be3 d4 34. Bd2 d3 35. Re1 c4 36. Kh2 Qd6 37. Be4 Bxe4 38. Rxe4 Rxe6 39. Bb4 Qd5 40. Qe8+ Rxe8 41. Rxe8+ Kf7 0-1

[Event "FRA-chT Top 12"]
[Site "Mulhouse"]
[Date "2011.05.29"]
[Round "4.8"]
[White "Wilson, Alexandra"]
[Black "Chauvet, Vincent"]
[Result "1-0"]
[WhiteElo "2021"]
[BlackElo "2068"]
[PlyCount "51"]
[EventDate "2011.05.26"]
[EventType "team-tourn"]
[EventRounds "11"]
[EventCountry "FRA"]
[SourceTitle "CBM 142 Extra"]
[Source "ChessBase"]
[SourceDate "2011.06.27"]
[SourceVersion "1"]
[SourceVersionDate "2011.06.27"]
[SourceQuality "1"]
[WhiteTeam "De Rueil Malmaison"]
[BlackTeam "Marseille Echecs"]
[WhiteTeamCountry "FRA"]
[BlackTeamCountry "FRA"]

1. e4 e5 2. Nf3 Nc6 3. Bb5 a6 4. Ba4 Nge7 5. c3 g6 6. 0-0 Bg7 7. d4 exd4 8. cxd4 b5 9. Bb3 0-0 10. Nc3 Na5 11. Bc2 d6 12. h3 Bb7 13. Bg5 h6 14. Bh4 Qd7 15. Qd3 Nac6 16. a3 Nd8 17. d5 Rc8 18. Rad1 c6 19. dxc6 Rxc6 20. Bg3 Ne6 21. Qe3 Nc8 22. e5 Nb6 23. Be4 d5 24. Nxd5 Nxd5 25. Bxd5 Rc7 26. Bxb7 1-0

[Event "FRA-ch U18"]
[Site "Montlucon"]
[Date "2011.04.23"]
[Round "8"]
[White "Pluyaud, Benoit"]
[Black "Chauvet, Vincent"]
[Result "1-0"]
[WhiteElo "2007"]
[BlackElo "2090"]
[PlyCount "75"]
[EventDate "2011.04.17"]
[EventType "swiss"]
[EventRounds "9"]
[EventCountry "FRA"]
[SourceTitle "CBM 142 Extra"]
[Source "ChessBase"]
[SourceDate "2011.06.27"]
[SourceVersion "1"]
[SourceVersionDate "2011.06.27"]
[SourceQuality "1"]

1. d4 d5 2. c4 c6 3. Nf3 Nf6 4. Nc3 e6 5. e3 Nbd7 6. Bd3 dxc4 7. Bxc4 b5 8. Bd3 a6 9. 0-0 Bb7 10. e4 c5 11. d5 Qc7 12. dxe6 fxe6 13. Ng5 Qc6 14. Bc2 h6 15. Nf3 0-0-0 16. Qe2 Bd6 17. Nd2 Qc7 18. h3 g5 19. a4 b4 20. Nd1 Qc6 21. a5 Bb8 22. Ne3 Qc7 23. g3 h5 24. Nec4 Rdf8 25. Nb6+ Nxb6 26. axb6 Qxb6 27. Nc4 Qc7 28. Rd1 Ne8 29. Bxg5 Rhg8 30. Rd8+ Qxd8 31. Bxd8 Bxg3 32. fxg3 Rxg3+ 33. Kh2 Rff3 34. Bh4 Rxh3+ 35. Kg2 b3 36. Qxf3 Rxf3 37. Kxf3 bxc2 38. Rc1 1-0